| 000 | 00520nam a2200193Ia 4500 | ||
|---|---|---|---|
| 005 | 20250508151743.0 | ||
| 008 | 008 250505s9999 xx 000 0 hin d | ||
| 020 | _a81-7315-224-1 | ||
| 037 | _aTextual | ||
| 040 |
_aFEDL _beng _cFEDL |
||
| 041 |
_ahin _2eng |
||
| 084 |
_a891.431, JAI _qFEDL |
||
| 100 | _aJain Vimal Kumar | ||
| 245 | 0 | _aGadya tarangni | |
| 260 |
_aDelhi, India _bSumer Brothers and Company _c1950 |
||
| 300 | _a200p. | ||
| 942 |
_cTEXL _h891.431, JAI |
||
| 999 |
_c1331927 _d1331927 |
||